Tvorba informačního systému pro provoz skladového hospodářství

Myšlienka vytvorenia univerzálneho aplikačného softwaru riešiaceho všetky všeobecné funkcie potrebné na riadenie skladov. Fázy životného cyklu tvorby informačného systému spĺňajúceho tieto požiadavky: špecifikácia požiadaviek, analýza, návrh informačného systému, realizácia, uvedenie do prevádzky a...

Descrizione completa

Salvato in:
Dettagli Bibliografici
Autore principale: Engelsmann, Jan
Altri autori: Nehudek, Tomáš
Natura: Capitolo di libro
Lingua:ceco
Soggetti:
Tags: Aggiungi Tag
Nessun Tag, puoi essere il primo ad aggiungerne!!

MARC

LEADER 00000naa a2200000 4500
001 r037136
005 20230922090513.4
041 0 |a cze 
044 |a CZ 
245 1 0 |a Tvorba informačního systému pro provoz skladového hospodářství  |c Jan Engelsmann, Tomáš Nehudek 
520 |a Myšlienka vytvorenia univerzálneho aplikačného softwaru riešiaceho všetky všeobecné funkcie potrebné na riadenie skladov. Fázy životného cyklu tvorby informačného systému spĺňajúceho tieto požiadavky: špecifikácia požiadaviek, analýza, návrh informačného systému, realizácia, uvedenie do prevádzky a poskytovanie služieb v rámci rutinnej prevádzky. 
610 2 0 |a hospodárstvo skladové 
610 2 0 |a sklady 
610 2 0 |a systémy informačné 
610 2 0 |a softvér 
610 2 0 |a tok informácií 
610 2 0 |a tok materiálu 
610 2 0 |a riadenie 
100 1 |a Engelsmann, Jan 
700 1 |a Nehudek, Tomáš